| 000 | 00701cab a2200217 4500 | ||
|---|---|---|---|
| 001 | ABS48650 | ||
| 008 | 090401t1993 xxu||||| |||| 00| 0 eng d | ||
| 035 | _a(Sirsi) u67789 | ||
| 041 | _aeng | ||
| 100 | _aFfoulkes-Jones, G. | ||
| 245 | _aGPS - survey software review | ||
| 260 | _c1993 | ||
| 350 | _a0 | ||
| 490 |
_aSurveying World _v1(4) May 1993, 32-35(3) |
||
| 520 | _aDetails software packages for Global Positioning Systems, centring on those designed for engineering surveying and geodesy. Provides a glossary of useful terms. (ABS48231 looked at hardware for GPS) | ||
| 650 | _aGPS | ||
| 650 | _aSOFTWARE PACKAGES | ||
| 690 | _aLAND SURVEYING | ||
| 942 | _n0 | ||
| 948 | _c04/03/1997 | ||
| 999 |
_c42459 _d42459 |
||